000 00916nam a2200229 a 4500
001 64287
003 BD-RjUL
005 20211209081305.0
008 170213s2007 bg ||||| |||| 00| 0 ben d
020 _a9840745751
_c: Tk. 130.00
035 _a(BD-RjUL)64417
040 _aBD-RjUL
_bben
_cBD-RjUL
_dBD-RjUL
041 _aben
082 _223
_a891.44109
_bMAC 2007
100 _aমাওলা, আহমেদ
_9118284
245 1 0 _aচুল্লিশের কবিতায় সাম্যবাদী চেতনার রুপায়ণ /
_cআহমেদ মাওলা
260 _aঢাকা :
_bবাংলা একাডেমী,
_c২০০৭
300 _a২৮০ পৃ. ;
_c২৩ সেমি.
650 _aবাংলা কবিতা
_vইতিহাস ও সমালোচনা
_9117445
650 _aBengali Poetry
_vHistory and Criticism
_9146528
942 _2ddc
_cBK
999 _c64287
_d64287